| 000 | 00690nam a2200241Ia 4500 | ||
|---|---|---|---|
| 005 | 20260429111927.0 | ||
| 008 | 260429s9999||||xx |||||||||||||| ||und|| | ||
| 020 | _a9788119681198 | ||
| 041 | _aEnglish | ||
| 082 |
_a370.71 _bMIS |
||
| 100 | _aMishra, Yudhisthir | ||
| 245 | 0 |
_aEmerging issues and research in teacher education : _bnep 2020 syllabus / _cYudhisthir Mishra |
|
| 250 | _a1st ed. | ||
| 260 |
_aDelhi : _bManglam Publications, _c2024. |
||
| 300 | _axii, 364 p.; hb | ||
| 650 | _a Educational policy | ||
| 650 | _a NEP 2020 | ||
| 650 | _a Pedagogy | ||
| 650 | _a Research in education | ||
| 650 | _aTeacher education | ||
| 700 | _a Kumbhar, jiendra | ||
| 942 | _cTB | ||
| 999 |
_c51469 _d51469 |
||